Convenciones UNESCO : (Record no. 13241)

MARC details
000 -CABECERA
campo de control de longitud fija 00923nam a2200241 4500
003 - IDENTIFICADOR DEL NÚMERO DE CONTROL
campo de control OSt
005 - FECHA Y HORA DE LA ÚLTIMA TRANSACCIÓN
campo de control 20260530115309.0
008 - DATOS DE LONGITUD FIJA--INFORMACIÓN GENERAL
campo de control de longitud fija 260420b2013 spaa|||| |||| 00| 0 spa d
020 ## - NÚMERO INTERNACIONAL ESTÁNDAR DEL LIBRO
Número Internacional Estándar del Libro 9786074844603
040 ## - FUENTE DE LA CATALOGACIÓN
Centro catalogador/agencia de origen ICI
Lengua de catalogación spa
Centro/agencia transcriptor ICI
050 ## - SIGNATURA TOPOGRÁFICA DE LA BIBLIOTECA DEL CONGRESO
Número de clasificación CC135
Número de documento/Ítem C69
245 10 - MENCIÓN DE TÍTULO
Título Convenciones UNESCO :
Resto del título una visión articulada desde Iberoamérica /
Mención de responsabilidad, etc. Francisco Javier López Morales, Francisco Vidargas (editores)
264 #1 - PRODUCCIÓN, PUBLICACIÓN, DISTRIBUCIÓN, FABRICACIÓN Y COPYRIGHT
Nombre del de productor, editor, distribuidor, fabricante Instituto Nacional de Antropología e Historia :
-- SEP :
-- CONACULTA
-- UNAM
-- UNESCO,
Fecha de producción, publicación, distribución, fabricación o copyright 2013
Producción, publicación, distribución, fabricación y copyright México, D.F. :
300 ## - DESCRIPCIÓN FÍSICA
Extensión 299 páginas
Otras características físicas ilustraciones
336 ## - TIPO DE CONTENIDO
Término de tipo de contenido texto
Fuente rdacontent
337 ## - TIPO DE MEDIO
Nombre/término del tipo de medio sin medio
Fuente rdamedia
338 ## - TIPO DE SOPORTE
Nombre/término del tipo de soporte volumen
Fuente rdacarrier
610 24 - PUNTO DE ACCESO ADICIONAL DE MATERIA--NOMBRE DE ENTIDAD CORPORATIVA
Nombre de entidad corporativa o nombre de jurisdicción como elemento de entrada Unesco
Subdivisión geográfica Latín América
9 (RLIN) 32492
650 #4 - PUNTO DE ACCESO ADICIONAL DE MATERIA--TÉRMINO DE MATERIA
Término de materia o nombre geográfico como elemento de entrada Patrimonio cultural
Subdivisión general Protección
Subdivisión geográfica América Latina
9 (RLIN) 32493
700 1# - PUNTO DE ACCESO ADICIONAL--NOMBRE DE PERSONA
Nombre de persona López Morales, Francisco Javier,
Término indicativo de función/relación editor
9 (RLIN) 32494
700 1# - PUNTO DE ACCESO ADICIONAL--NOMBRE DE PERSONA
Nombre de persona Vidargas, Francisco,
Término indicativo de función/relación editor
9 (RLIN) 32495
942 ## - ELEMENTOS DE PUNTO DE ACCESO ADICIONAL (KOHA)
Fuente del sistema de clasificación o colocación Library of Congress Classification
Tipo de ítem Koha

No items available.